A radiance like wind or water : poems /

Bibliographic Details
Main Author: Ronan, Richard
Format: Book
Language:English
Published: Port Townsend, Wash. : Dragon Gate, [1984]

MARC

Tag First Indicator Second Indicator Subfields
LEADER 00000cam a2200000 a 4500
001 in00000569737
005 20151014064835.0
008 840910s1984 wau 00010 eng d
010 |a  83072376  
020 |a 0937872148 
020 |a 0937872156 (pbk.) :  |c $6.00 
035 |a (OCoLC)11136176 
035 |9 ACN6607AM 
040 |a GRC  |c GRC  |d FUG  |d TXA  |d UtOrBLW 
049 |a TXAM  |c [A08442211] 
090 |a PS3568.O566  |b R35 1984 
092 1 |a 811  |b Ro  |2 11 
100 1 |a Ronan, Richard. 
245 1 2 |a A radiance like wind or water :  |b poems /  |c by Richard Ronan. 
264 1 |a Port Townsend, Wash. :  |b Dragon Gate,  |c [1984] 
264 4 |c ©1984 
300 |a 73 pages ;  |c 23 cm. 
336 |a text  |b txt  |2 rdacontent 
337 |a unmediated  |b n  |2 rdamedia 
338 |a volume  |b nc  |2 rdacarrier 
999 |a MARS 
999 f f |s 30f07087-a5b4-32b7-9a01-c6a70d78dfdf  |i 304540e1-34c0-34f9-97d1-de7490ce59aa  |t 0 
952 f f |p ric  |a Texas A&M University  |b Rellis Campus  |c Joint Library Facility  |d Remote Storage  |t 0  |e PS3568.O566 R35 1984  |h Library of Congress classification  |i unmediated -- volume  |m A14808442211 
998 f f |a PS3568.O566 R35 1984  |t 0  |l Remote Storage